zpět

Detail výsledku týmu

U Soudu, Teplice

Datum a čas kvízu

32.5 Celkem bodů Celkový počet nahraných bodů na tomto kvízu bez doplňovacích otázek.
7. Pořadí na kvízu Konečné umístění týmu na tomto kvízu.

Zaznamenané odpovědi

# Otázka Odpověď Body Výsledky
1. Ministerstvo dopravy od března... 200 Kč 0
2. Jeden z vystupujících v opeře... spadly mu kalhoty 0
3. Známý americký herec, držitel... Robert de Niro 0
4. Poslední dny se diskutuje o ch... CBD 0
5. Český hráč Jakub Klajmon slaví... volejbal 0
6. V tomto tématu jsme se probral... bod: D – v hospodě, půlbod: B – na stadionu 0
7. Co na člověku prozradí, že ho... bod: A – zčervená, půlbod: D – má erekci 0.5
8. Který tanec je sexy? A – lamb... bod: B – tango, půlbod: A – lambada 1
9. Doplňte větu: Muži jsou občas... bod: A – láska, půlbod: D – sex 0
10. Z jakého důvodu sáhnete po alk... bod: C – oslava, půlbod: B – stres 0